| 000 | 00466nam a22001697a 4500 | ||
|---|---|---|---|
| 999 |
_c191685 _d191685 |
||
| 005 | 20220831153255.0 | ||
| 010 | _aENG-134829 | ||
| 020 |
_c550.00 _a9788194964094 |
||
| 035 | _aEN-118361 | ||
| 037 | _bDBAD/PUB | ||
| 082 | _a370.95411 | ||
| 245 |
_aRich past vibrant future: _buniversity of jammu/ |
||
| 260 |
_aNew delhi _bVitasta publishing _c2021 |
||
| 270 | _bNew delhi | ||
| 300 |
_a236 p. _c23cm (hbk) |
||
| 942 |
_2ddc _cEN _h370.95411 _mRIC |
||